00873nam a2200157Ia 4500008004100000041001200041082001500053100005200068245009500120260000900215500025400224650007000478942000700548999001900555952014100574231221s9999 xx 000 0 und d aEnglish aJNEC12-350 aRao, Sambasiva V. Arathi, Shankar R. Pattar, R. 0aQualitative Analysis of QoS parameters at the Layer 1 and Layer 2 of MOBILE WiMAX 802.16e c2012 aQualitative Analysis of QoS parameters at the Layer 1 and Layer 2 of MOBILE WiMAX 802.16e.International Journal of Wireless & Mobile Networks (IJWMN) Vol. 4, No. 2, April 2012. Pp 69-82. Prof.V.Sambasiva Rao,Arathi.R.Shankar, Adarsh Pattar,69-82  aQualitative,QoS,parameters,Layer,1,Layer, o, MOBIL, WiMA, 802.16e cIR c217796d217796 r2024-01-26 00:00:00l0oJNEC12-350pIR350udigital/ir/ir350.pdfw2024-01-26yIR1040708EC00aMLbMLcCLd0000-00-00EECGRSF1V0W0